Score 0/20 Timer 07:00
1 Play Today
% Correct
Star Wars Episode V: The Empire Strikes Back (Yoda)
98.9%
Harry Potter and the Order of the Phoenix (Albus Dumbledore)
91.2%
School of Rock (Dewey Finn)
87.1%
The Karate Kid (Keisuke Miyagi)
85%
Finding Nemo (Mr. Ray)
83.9%
South Park: Bigger, Longer & Uncut (Mr. Garrison)
83.1%
Saving Private Ryan (John Miller)
81.6%
X-Men (Professor X)
78.6%
Raiders of the Lost Ark (Indiana Jones)
67.4%
Kindergarten Cop (John Kimble)
66.2%
% Correct
Dead Poets Society (John Keating)
65.4%
The Sword in the Stone (Merlin)
63.5%
Ferris Bueller's Day Off (Edward Rooney)
58%
Mean Girls (Sharon Norbury)
52.9%
Remember the Titans (Herman Boone)
50.7%
Matilda (Jennifer Honey)
32.2%
Mr. Holland's Opus (Glen Holland)
31.3%
Fast Times at Ridgemont High (Mr. Hand)
29.2%
National Lampoon's Animal House (Dave Jennings)
26.3%
Pay It Forward (Eugene Simonet)
23.7%
Remove Ads.
Support Sporcle.
Get the best of Sporcle when you Go Orange. This ad-free experience offers more features, more stats, and more fun while also helping to support Sporcle. Thank you for becoming a member.

You're not logged in!

Compare scores with friends on all Sporcle quizzes.
OR
Log In

Show Comments

Extras

Top Quizzes Today


Score Distribution

Your Account Isn't Verified!

In order to create a playlist on Sporcle, you need to verify the email address you used during registration. Go to your Sporcle Settings to finish the process.

Report this User

Report this user for behavior that violates our Community Guidelines.

Details: